=LDR 00000nam 2200000 4500 =001 INLIS000000000026408 =005 20130612124843 =008 ***********************************ind** =035 ##$$0010-061300000026408 =041 ##$$a ind =082 ##$$a 2x6.2 =090 ##$$a 2x6.2, ASG s =100 ##$$a Asghary, Basri Iba =245 ##$$a Solusi Al-Quran tentang problema sosial, politik, budaya, Drs. H. Basri Iba Asghary =260 ##$$a 1994 $b Jakarta =300 ##$$a xi, 301 hlm., 21 cm =650 ##$$a Al Qur'an =850 ##$$a NBPNMAT